000 00772nam a2200229Ii 4500
003 JO-AjNU
008 230605s9999||||xx |||||||||||||| ||und||
017 _a2017/4/1695
020 _a978-9957-76-539-2
040 _aJO-AjNU
_bara
_erda
_cJO-AjNU
041 _aara
050 1 4 _aLB1027.5.A657 2018
100 3 _aالعامري، جعفر صادق عبيد,
_eauthor
_961008
245 0 0 _aنظريات الارشاد النفسي والتربوي
250 _aط1
264 3 1 _aعمان: دار الرضوان للنشر والتوزيع، 2018
300 _a224ص
336 _atext
_btxt
_2rdacontent
337 _aunmediated
_bn
_2rdamedia
338 _avolume
_bnc
_2rdacarrier
650 4 _aعلم النفس التربوي-الارشاد النفسي
_961009
999 _aA27550
_c31118
_d31118